000 00260 a2200097 4500
001 9724
090 _c7719
_d7719
100 _aGrace, C S
245 _aNuclear Weapons; princilpes, effects and survivability, Vol. 10
260 _aUK LOndon
_bBrassey's
_c1994
942 _aNUST-CAE
_k623.45119 GRA
999 _c244797
_d244797